000 01131cam a22003377a 4500
003 CHAP
005 20220329140022.0
008 971013s1985 r 00010 d
010 _a45658
011 _a46630
035 _a50771
040 _cCHAP
090 _aFolleto 9027
110 _aUACH. Dirección Académica
_9115913
245 0 _aCatálogo de convenios de intercambio académico
260 _aChapingo, Mex. :
_bDirección Académica,
_c1985
300 _a102 p.
500 _ac.5 en bodega
590 _aBATCH-UPD
_b10
_c20130110
_lUCH01
_h1559
590 _aBATCH-UPD
_b10
_c20130410
_lUCH01
_h0956
590 _aBATCH-UPD
_b10
_c20130914
_lUCH01
_h1339
590 _aCONVERSION
_b10
_c20130109
_lUCH01
_h1325
650 1 4 _aExtensión universitaria.
_939208
650 1 4 _aIntercambio educativo.
_959522
901 _aBK
942 _cFOLL
949 _aFolleto 9027
_bBC
_cFOLL
_d-113981
_eTS1
_i50771
_mD
_si
949 _aFolleto 9027
_bBC
_cFOLL
_d-113984
_eTS2
_fc.2
_i50771
_mD
_si
949 _aFolleto 9027
_bBC
_cFOLL
_d-113985
_eTS2
_fc.3
_i50771
_mD
_si
949 _aFolleto 9027
_bBC
_cUACH
_d-113986
_eUACH
_fc.4
_i50771
_mD
_si
999 _c45658
_d45658